Elementos para un enfoque de la competitividad en el sector agropecuario (Registro nro. 18749)

Detalles MARC
000 -CABECERA
Campo de control 01243cam a2200289 a 4500
005 - FECHA Y HORA DE LA ULTIMA TRANSACCION
Campo de control 20160531085559.0
008 - ELEMENTOS DE LONGITUD FIJA—INFORMACION GENERAL
Campo de control 040902s1998 ck r 000 0 spa d
020 ## - ISBN
ISBN 95893280803
040 ## - FUENTE DE CATALOGACIÓN
Agencia catalogadora original CO-BoPUJ
Agencia transcriptora CO-BoIAVH
Agencia Modificadora CO-BoIAVH
041 0# - IDIOMA
Código de idioma para texto/pista de sonido o título separado Español
044 ## - PAÍS DE PUBLICACIÓN
País de publicación Colombia
082 04 - NUMERO DE CLASIFICACION DECIMAL DEWEY
Número de clasificación 338.1
Número del ítem B42p1
100 1# - ASIENTO PRINCIPAL--NOMBRE PERSONAL
Nombre personal Bejarano Avila, Jesús Antonio,
Fechas asociadas con el nombre 1946-1999.
Término relacionado autor
9 (RLIN) 71088
245 10 - MENCION DE TITULO
Título Elementos para un enfoque de la competitividad en el sector agropecuario
Mención de responsabilidad Jesús Antonio Bejarano Ávila ; editores Elizabeth Meek y Hugo Aldana Navarrete
260 ## - PUBLICACION, DISTRIBUCION, ETC. (PIE DE IMPRENTA)
Lugar de publicación, distribución, etc. Bogotá :
Nombre del editor, distribuidor, etc. Ministerio de Agricultura y Desarrollo Rural :
-- IICA,
Fecha de publicación, distribución, etc. 1998.
300 ## - DESCRIPCION FISICA
Extensión 80 páginas ;
Dimensiones 24 x 16 cm.
490 0# - MENCION DE SERIE
Mención de serie Colección documentos IICA serie competitividad ;
Designación numérica/secuencial del volumen 2
504 ## - NOTA DE BIBLIOGRAFIA, ETC.
Nota de bibliografía Incluye referencias bibliográficas.
650 24 - ASIENTO SECUNDARIO DE MATERIA - TERMINO TEMATICO
Término temático o nombre geográfico como elemento de entrada Sector agropecuario
Subdivisión general Aspectos sociopolíticos
Subdivisión geográfica Colombia
9 (RLIN) 71089
650 24 - ASIENTO SECUNDARIO DE MATERIA - TERMINO TEMATICO
Término temático o nombre geográfico como elemento de entrada Competitividad
9 (RLIN) 2713
651 26 - ASIENTO SECUNDARIO DE MATERIA - NOMBRE GEOGRAFICO
Nombre geográfico Colombia
Subdivisión general Política económica
9 (RLIN) 71090
700 1# - ASIENTO SECUNDARIO - NOMBRE PERSONAL
Nombre personal Meek, Elizabeth
Término de relación editora
9 (RLIN) 21835
700 1# - ASIENTO SECUNDARIO - NOMBRE PERSONAL
Nombre personal Aldana Navarrete, Hugo
Término de relación editor
9 (RLIN) 11808
710 1# - ASIENTO SECUNDARIO - NOMBRE CORPORATIVO
Nombre corporativo o de jurisdicción como elemento de entrada Colombia
Unidad subordinada Ministerio de Agricultura y Desarrollo Rural
9 (RLIN) 6763
710 2# - ASIENTO SECUNDARIO - NOMBRE CORPORATIVO
Nombre corporativo o de jurisdicción como elemento de entrada Instituto Interamericano de Cooperación para la Agricultura
9 (RLIN) 1898
942 ## - ELEMENTOS ADICIONALES (KOHA)
Sistema de clasificación Dewey Decimal Classification
Tipo de ítem Libro
Existencias
Withdrawn status Lost status Sistema de Clasificación Damaged status No para préstamo Colección Inventariado Ubicación Permanente Ubicación actual Fecha de adquisición Valor Total Checkouts Número topográfico Inventario / Código de Barras Date last seen Ejemplar Price effective from Forma de adquisición Tipo de material
    Dewey Decimal Classification     General Inventariado 2017 Sala Fabio Quevedo Sala Fabio Quevedo 05/07/1999 39000.00   LB-338.1 B42p1 001780 04/12/2012 Ej. 1 04/12/2012 Donación Libro